01005nam a22002657a 4500999001700000003000900017008004100026020001800067040007100085082002200156100003800178245004100216260004700257300005500304505005600359650001700415650001800432650002400450700003700474700004300511710004800554942001600602945002000618952010100638 c12418d12418AR-CdUCM190408b ||||| |||| 00| 0 spa d a968-39-0103-4 aMUNICIPALIDAD PROVINCIAL DEL CUSCOcBIBLIOTECA MUNICIPAL DEL CUSCO aES / 869.1 /bG69 aGonzáles Hermosillo, Francisco  aEn los Tiempos de la Independencia / aMéxico : bPatria S. A. ;c1985. a32 páginas ;bIlustraciones, mapa plegablec27cm aContenido: Historia de la independencia de México aMéxico918 aHistoria9136 aIndependencia 9625 aSandoval Zarauz, Enrique 930266 aUrrutia de Stevelski, Cristina 930267 aSecretaria de Educación Pública 917942 2ddccLIBROS anomd2019-04-08 002ddc4070aSIbSIcCHILDd2019-04-08g30.00oES / 869.1 / G69pSI00001518r2019-04-08yLIBROS